Uccelli quasi un racconto
Saved in:
| Main Author: | |
|---|---|
| Format: | Book |
| Language: | Italian |
| Published: |
Verona
Mondadori
1958
|
| Edition: | 2a. ed |
| Series: | I Poeti dello Specchio
|
| Subjects: | |
| Tags: |
Add Tag
No Tags, Be the first to tag this record!
|
MARC
| LEADER | 00000nam a2200000 a 4500 | ||
|---|---|---|---|
| 001 | UCY7192 | ||
| 003 | CL-VaPUC | ||
| 008 | 950609e19580000IT |||||||||||||||||ita|d | ||
| 082 | 0 | 4 | |a 851 |b SAB |2 21 |
| 100 | 0 | |a Saba, Umberto |e author |9 337467 | |
| 245 | 1 | 0 | |a Uccelli quasi un racconto |
| 250 | |a 2a. ed | ||
| 300 | |a 85 p | ||
| 942 | |c BK | ||
| 945 | |d 19950609 00:00:00 |a rbrito | ||
| 260 | |a Verona |b Mondadori |c 1958 | ||
| 650 | 0 | |a Poesías italianas |9 265352 | |
| 583 | |a last modification |c 20120902 07:31:07 |k Rodrigo Vera | ||
| 490 | 0 | |a I Poeti dello Specchio | |
| 999 | |c 234621 |d 234619 | ||
| 952 | |0 0 |1 0 |4 0 |6 851_000000000000000_SAB_1958 |7 0 |8 A |9 241173 |a BIBART |b BIBART |d 2019-11-18 |i 2006405 |o 851 SAB 1958 |p 2006405 |r 2025-03-13 |w 2019-11-18 |y BK |k ART | ||